| 000 | 00500nam a2200157 i 4500 | ||
|---|---|---|---|
| 001 | 22570 | ||
| 003 | ES-MaACL | ||
| 005 | 20230906152722.0 | ||
| 007 | t| | ||
| 008 | 021203s1965 sp ||||1| spa d | ||
| 100 | 1 |
_aAlvarez Martínez, Ursicino. _920878 |
|
| 245 | 1 | 0 |
_aHistoria general, civil y eclesiástica de la provincia de Zamora / _cUrsicino Alvarez Martínez. |
| 260 |
_aMadrid : _b[s.n., _c1965] ( _fImp. P. López) |
||
| 300 |
_aXVI, 396 p. ; _c23 cm. |
||
| 852 |
_aES-MaACL _jC-29249 _bR.59795 |
||
| 999 |
_c22570 _d22570 |
||